<?xml version="1.0" encoding="UTF-8"?>
<record
    xmlns:xsi="http://www.w3.org/2001/XMLSchema-instance"
    xsi:schemaLocation="http://www.loc.gov/MARC21/slim http://www.loc.gov/standards/marcxml/schema/MARC21slim.xsd"
    xmlns="http://www.loc.gov/MARC21/slim">

  <leader>01070cam a22002651i 4500</leader>
  <controlfield tag="001">sa 68020078 </controlfield>
  <controlfield tag="003">DLC</controlfield>
  <controlfield tag="005">20260227112722.0</controlfield>
  <controlfield tag="008">830625s1966    io a          000 1 sun  </controlfield>
  <datafield tag="010" ind1=" " ind2=" ">
    <subfield code="a">sa 68020078 </subfield>
  </datafield>
  <datafield tag="035" ind1=" " ind2=" ">
    <subfield code="a">(OCoLC)9647336</subfield>
  </datafield>
  <datafield tag="040" ind1=" " ind2=" ">
    <subfield code="a">DLC</subfield>
    <subfield code="c">OAU</subfield>
    <subfield code="d">WU</subfield>
    <subfield code="d">DLC</subfield>
  </datafield>
  <datafield tag="042" ind1=" " ind2=" ">
    <subfield code="a">premarc</subfield>
  </datafield>
  <datafield tag="050" ind1="0" ind2="0">
    <subfield code="a">PL5454.A2</subfield>
    <subfield code="b">K27</subfield>
  </datafield>
  <datafield tag="245" ind1="0" ind2="0">
    <subfield code="a">Anting perak :</subfield>
    <subfield code="b">kumpulan tjarita pondok pilihan /</subfield>
    <subfield code="c">redaksi: Saini Karnamisastra, Enoh Atmadibrata [djeung] Djadja Sargani.</subfield>
  </datafield>
  <datafield tag="260" ind1=" " ind2=" ">
    <subfield code="a">Bandung :</subfield>
    <subfield code="b">Sargani,</subfield>
    <subfield code="c">[1966]</subfield>
  </datafield>
  <datafield tag="300" ind1=" " ind2=" ">
    <subfield code="a">115 p. :</subfield>
    <subfield code="b">ill. ;</subfield>
    <subfield code="c">20 cm.</subfield>
  </datafield>
  <datafield tag="500" ind1=" " ind2=" ">
    <subfield code="a">"SES I-1."</subfield>
  </datafield>
  <datafield tag="546" ind1=" " ind2=" ">
    <subfield code="a">In Sundanese.</subfield>
  </datafield>
  <datafield tag="505" ind1="0" ind2=" ">
    <subfield code="a">Tamu ti Birma, ku Saini K. M.--Sarakah, ku L. Tolstoj.--Kiai modern, ku S. A. Hikmat.--Balebat harepan, ku A. A. Asdi.--Urang Kabul, ku R. Tagore.--Anting perak, ku N. Daningsih.--Kumbakarna, ku S Danasasmita.--Dehem, ku W. Wibisana.--Ramat lantjah, ku Akutagawa.</subfield>
  </datafield>
  <datafield tag="650" ind1=" " ind2="0">
    <subfield code="a">Short stories, Sundanese.</subfield>
  </datafield>
  <datafield tag="700" ind1="1" ind2=" ">
    <subfield code="a">Karnamisastra, Saini,</subfield>
    <subfield code="e">comp.</subfield>
  </datafield>
  <datafield tag="700" ind1="1" ind2=" ">
    <subfield code="a">Atmadibrata, Enoch,</subfield>
    <subfield code="e">joint comp.</subfield>
  </datafield>
  <datafield tag="700" ind1="1" ind2=" ">
    <subfield code="a">Sargani, Djadja,</subfield>
    <subfield code="e">joint comp.</subfield>
  </datafield>
  <datafield tag="999" ind1=" " ind2=" ">
    <subfield code="c">89235</subfield>
    <subfield code="d">89235</subfield>
  </datafield>
</record>
